| 000 | 00708cam a22001934a 4500 | ||
|---|---|---|---|
| 020 | _a0486425029 (pbk.) | ||
| 082 | 0 | 0 |
_a909.097671 _bSCH |
| 100 | 1 |
_aSchroeder, Eric, _946106 |
|
| 245 | 1 | 0 |
_aMuhammad's people : _ban anthology of Muslim civilization / _cEric Schroeder. |
| 250 | _aDover ed. | ||
| 260 |
_aMineola, NY : _bDover Publications, _c2002. |
||
| 300 |
_axviii, 838 p. : _bmap ; _c21 cm. |
||
| 500 | _aUnabridged reprint of originally published: Portland, Me. : Bond Wheelwright, 1955. | ||
| 526 |
_a0 _b0 _c0 _d909_097671000000000_SCH |
||
| 650 | 0 |
_aIslamic civilization. _930864 |
|
| 650 | 0 |
_aMCE _9379 |
|
| 856 | 4 | 2 | _uhttp://www.loc.gov/catdir/description/dover032/2002073493.html |
| 942 |
_2ddc _cBK |
||
| 999 |
_c549448 _d549448 |
||